[Event "Hastings Premier 1975/76 51st"]
[Site "Hastings"]
[Date "1975.12.29"]
[Round "1"]
[White "Hartston, William Roland"]
[Black "Keene, Raymond Dennis"]
[Result "1/2-1/2"]
[WhiteElo "2475"]
[BlackElo "2505"]
[PlyCount "30"]
[EventDate "1975.12.29"]
[EventType "tourn"]
[EventRounds "15"]
[EventCountry "ENG"]
[EventCategory "10"]
[SourceTitle "BritBase"]
[SourceQuality "2"]

1. e4 e6 2. d4 d5 3. Nc3 Bb4 4. e5 c5 5. a3 Bxc3+ 6. bxc3 Qc7 7. Nf3 Ne7 8. a4
b6 9. Bb5+ Bd7 10. Bd3 Nbc6 11. O-O h6 12. Re1 O-O 13. Ba3 Na5 14. dxc5 bxc5
15. Nd4 Ng6 1/2-1/2

[Event "Hastings Premier 1975/76 51st"]
[Site "Hastings"]
[Date "1975.12.29"]
[Round "1"]
[White "Kaplan, Julio"]
[Black "Bronstein, David I"]
[Result "0-1"]
[WhiteElo "2445"]
[BlackElo "2590"]
[PlyCount "52"]
[EventDate "1975.12.29"]
[EventType "tourn"]
[EventRounds "15"]
[EventCountry "ENG"]
[EventCategory "10"]
[SourceTitle "BritBase"]
[SourceQuality "2"]

1. e4 e6 2. d4 d5 3. Nc3 Nf6 4. Bg5 dxe4 5. Nxe4 Be7 6. Bxf6 gxf6 7. Nf3 Nd7 8.
Qd2 c5 9. d5 f5 10. dxe6 fxe4 11. exd7+ Qxd7 12. Qc3 O-O 13. Nd2 Qf5 14. O-O-O
Qxf2 15. Nxe4 Qf4+ 16. Nd2 Bg4 17. Re1 Bg5 18. Bd3 Rae8 19. Ref1 Qe3 20. h3 Be2
21. Rf5 Bh6 22. Bxe2 Qxc3 23. bxc3 Rxe2 24. Rd5 Rxd2 25. Rxd2 Rd8 26. Rhd1 c4
0-1

[Event "Hastings Premier 1975/76 51st"]
[Site "Hastings"]
[Date "1975.12.29"]
[Round "1"]
[White "Korchnoi, Viktor"]
[Black "Sosonko, Gennadi"]
[Result "1-0"]
[WhiteElo "2665"]
[BlackElo "2470"]
[PlyCount "99"]
[EventDate "1975.12.29"]
[EventType "tourn"]
[EventRounds "15"]
[EventCountry "ENG"]
[EventCategory "10"]
[SourceTitle "BritBase"]
[SourceQuality "2"]

1. c4 Nf6 2. Nc3 e6 3. Nf3 d5 4. d4 Bb4 5. cxd5 exd5 6. Bg5 h6 7. Bh4 c5 8.
dxc5 Nc6 9. e3 g5 10. Bg3 Ne4 11. Bb5 Nxc3 12. Bxc6+ bxc6 13. Qd4 Nxa2+ 14. Kd1
f6 15. Rxa2 a5 16. h4 g4 17. Ne1 Bf5 18. Nd3 Kf7 19. Ke2 Re8 20. Nxb4 axb4 21.
Rxa8 Qxa8 22. f3 Qa4 23. Rc1 Qb3 24. h5 gxf3+ 25. gxf3 Bc8 26. Kf2 Ba6 27. Bf4
Qa4 28. Bxh6 Qb5 29. Re1 Re5 30. Qg4 Qd3 31. Ra1 d4 32. Qg6+ Ke6 33. Qe8+ Kd5
34. Qd7+ Kc4 35. Qxd4+ Qxd4 36. exd4 Rxh5 37. Rxa6 Rxh6 38. Rxc6 Kxd4 39. Kg3
Kc4 40. f4 Kb3 41. Rb6 Rh5 42. c6 Rc5 43. Kg4 Rc4 44. Kf5 Kxb2 45. Ke6 b3 46.
Kd5 Rc3 47. Kd6 Kc2 48. c7 b2 49. Kd7 Rd3+ 50. Kc6 1-0

[Event "Hastings Premier 1975/76 51st"]
[Site "Hastings"]
[Date "1975.12.29"]
[Round "1"]
[White "Nunn, John DM"]
[Black "Taimanov, Mark"]
[Result "1/2-1/2"]
[WhiteElo "2375"]
[BlackElo "2580"]
[PlyCount "42"]
[EventDate "1975.12.29"]
[EventType "tourn"]
[EventRounds "15"]
[EventCountry "ENG"]
[EventCategory "10"]
[SourceTitle "BritBase"]
[SourceQuality "2"]

1. e4 c5 2. Nf3 Nc6 3. d4 cxd4 4. Nxd4 e6 5. Nc3 a6 6. g3 d6 7. Bg2 Bd7 8. O-O
Nf6 9. Re1 Rc8 10. Nxc6 Bxc6 11. Nd5 Be7 12. Nxe7 Qxe7 13. Bd2 O-O 14. Bb4 Rfd8
15. c4 Qc7 16. Qd2 b6 17. Rad1 Qb7 18. Qe3 Ne8 19. Rd2 a5 20. Ba3 Rd7 21. Red1
Rcd8 1/2-1/2

[Event "Hastings Premier 1975/76 51st"]
[Site "Hastings"]
[Date "1975.12.29"]
[Round "1"]
[White "Sigurjonsson, Gudmundur"]
[Black "Bisguier, Arthur"]
[Result "1/2-1/2"]
[WhiteElo "2475"]
[BlackElo "2445"]
[PlyCount "48"]
[EventDate "1975.12.29"]
[EventType "tourn"]
[EventRounds "15"]
[EventCountry "ENG"]
[EventCategory "10"]
[SourceTitle "BritBase"]
[SourceQuality "2"]

1. e4 e5 2. Nf3 Nc6 3. Bb5 g6 4. O-O Bg7 5. c3 d5 6. d4 exd4 7. Nxd4 Bd7 8.
Bxc6 Bxc6 9. Nxc6 bxc6 10. Qa4 Qd7 11. Re1 Ne7 12. Nd2 O-O 13. Nb3 dxe4 14.
Qxe4 Nd5 15. Bd2 Rfe8 16. Qd3 h5 17. h3 Qd6 18. Qa6 Be5 19. Re2 c5 20. Qxd6
cxd6 21. Na5 Nc7 22. Rae1 Ne6 23. Nc4 Red8 24. Nxe5 dxe5 1/2-1/2

[Event "Hastings Premier 1975/76 51st"]
[Site "Hastings"]
[Date "1975.12.29"]
[Round "1"]
[White "Stean, Michael"]
[Black "Miles, Anthony J"]
[Result "1/2-1/2"]
[WhiteElo "2370"]
[BlackElo "2435"]
[PlyCount "38"]
[EventDate "1975.12.29"]
[EventType "tourn"]
[EventRounds "15"]
[EventCountry "ENG"]
[EventCategory "10"]
[SourceTitle "BritBase"]
[SourceQuality "2"]

1. e4 c5 2. Nf3 e6 3. Nc3 a6 4. g3 b5 5. Bg2 Bb7 6. d3 Nc6 7. O-O Qc7 8. Re1 d6
9. Bf4 Nf6 10. e5 dxe5 11. Nxe5 Bd6 12. Qf3 Nd8 13. Qe2 Bxg2 14. Kxg2 b4 15.
Na4 Nd5 16. Bd2 Bxe5 17. Qxe5 Qc6 18. Kg1 O-O 19. b3 Rc8 1/2-1/2

[Event "Hastings Premier 1975/76 51st"]
[Site "Hastings"]
[Date "1975.12.29"]
[Round "1"]
[White "Uhlmann, Wolfgang"]
[Black "Bellin, Robert"]
[Result "1-0"]
[WhiteElo "2535"]
[BlackElo "2375"]
[PlyCount "57"]
[EventDate "1975.12.29"]
[EventType "tourn"]
[EventRounds "15"]
[EventCountry "ENG"]
[EventCategory "10"]
[SourceTitle "BritBase"]
[SourceQuality "2"]

1. c4 e6 2. Nc3 d5 3. d4 Nf6 4. Bg5 Bb4 5. cxd5 exd5 6. e3 h6 7. Bh4 Nc6 8. Bd3
g5 9. Bg3 h5 10. h4 g4 11. Nge2 a6 12. Qb3 Bd6 13. O-O Ne7 14. Rae1 c6 15. e4
dxe4 16. Nxe4 Nxe4 17. Bxe4 Qc7 18. d5 f5 19. Bxd6 Qxd6 20. dxc6 bxc6 21. Bd3
Be6 22. Bc4 Bxc4 23. Qxc4 Qd5 24. Qc3 O-O 25. Nf4 Qf7 26. Ne6 Nd5 27. Qxc6 Nb4
28. Qd6 Nc2 29. Ng5 1-0

[Event "Hastings Premier 1975/76 51st"]
[Site "Hastings"]
[Date "1975.12.30"]
[Round "2"]
[White "Bellin, Robert"]
[Black "Nunn, John DM"]
[Result "1/2-1/2"]
[WhiteElo "2375"]
[BlackElo "2375"]
[PlyCount "56"]
[EventDate "1975.12.29"]
[EventType "tourn"]
[EventRounds "15"]
[EventCountry "ENG"]
[EventCategory "10"]
[SourceTitle "BritBase"]
[SourceQuality "2"]

1. e4 g6 2. d4 Bg7 3. Nc3 d6 4. f4 Nf6 5. Nf3 O-O 6. Bd3 Na6 7. O-O c5 8. d5
Nb4 9. Bc4 e6 10. dxe6 Bxe6 11. Bxe6 fxe6 12. e5 dxe5 13. Qe2 exf4 14. Bxf4 Qe7
15. Rae1 Nbd5 16. Nxd5 Nxd5 17. Bg5 Qd6 18. Qxe6+ Qxe6 19. Rxe6 Rae8 20. Rxe8
Rxe8 21. c3 Re2 22. Rf2 Rxf2 23. Kxf2 Nb6 24. Ke2 Na4 25. Bc1 c4 26. Kd1 a6 27.
Kc2 Nc5 28. Be3 Ne4 1/2-1/2

[Event "Hastings Premier 1975/76 51st"]
[Site "Hastings"]
[Date "1975.12.30"]
[Round "2"]
[White "Bisguier, Arthur"]
[Black "Hort, Vlastimil"]
[Result "1/2-1/2"]
[WhiteElo "2445"]
[BlackElo "2600"]
[PlyCount "60"]
[EventDate "1975.12.29"]
[EventType "tourn"]
[EventRounds "15"]
[EventCountry "ENG"]
[EventCategory "10"]
[SourceTitle "BritBase"]
[SourceQuality "2"]

1. d4 Nf6 2. Nf3 d5 3. c4 e6 4. Nc3 c6 5. e3 Nbd7 6. Bd3 dxc4 7. Bxc4 b5 8. Bd3
a6 9. e4 c5 10. e5 cxd4 11. Nxb5 axb5 12. exf6 Qb6 13. fxg7 Bxg7 14. Qe2 b4 15.
O-O Bb7 16. Bf4 O-O 17. Rfd1 Ra5 18. Rac1 e5 19. Bg3 f5 20. Bc4+ Kh8 21. Ng5 f4
22. Bh4 Qg6 23. Qg4 Nf6 24. Qh3 Qh5 25. Ne6 Rg8 26. Nxg7 Bxg2 27. Bxg8 Qxd1+
28. Rxd1 Bxh3 29. Bxf6 Kxg8 30. f3 Kf7 1/2-1/2

[Event "Hastings Premier 1975/76 51st"]
[Site "Hastings"]
[Date "1975.12.30"]
[Round "2"]
[White "Bronstein, David I"]
[Black "Uhlmann, Wolfgang"]
[Result "1/2-1/2"]
[WhiteElo "2590"]
[BlackElo "2535"]
[PlyCount "54"]
[EventDate "1975.12.29"]
[EventType "tourn"]
[EventRounds "15"]
[EventCountry "ENG"]
[EventCategory "10"]
[SourceTitle "BritBase"]
[SourceQuality "2"]

1. e4 e6 2. d4 d5 3. Nd2 c5 4. exd5 exd5 5. Bb5+ Nc6 6. Ne2 Bd6 7. dxc5 Bxc5 8.
Nb3 Bb6 9. O-O Nge7 10. c4 dxc4 11. Qxd8+ Bxd8 12. Bxc4 O-O 13. Nc3 Ne5 14. Be2
Bf5 15. Re1 N7c6 16. Be3 Re8 17. Nb5 Bd3 18. Nd6 Re7 19. Nc5 Bxe2 20. Rxe2 b6
21. Na6 Rd7 22. Rd2 Kf8 23. Rad1 Be7 24. b3 Rad8 25. Nf5 Ba3 26. Rxd7 Rxd7 27.
Rxd7 Nxd7 1/2-1/2

[Event "Hastings Premier 1975/76 51st"]
[Site "Hastings"]
[Date "1975.12.30"]
[Round "2"]
[White "Keene, Raymond Dennis"]
[Black "Sigurjonsson, Gudmundur"]
[Result "1/2-1/2"]
[WhiteElo "2505"]
[BlackElo "2475"]
[PlyCount "59"]
[EventDate "1975.12.29"]
[EventType "tourn"]
[EventRounds "15"]
[EventCountry "ENG"]
[EventCategory "10"]
[SourceTitle "BritBase"]
[SourceQuality "2"]

1. d4 Nf6 2. c4 g6 3. Nc3 Bg7 4. e4 d6 5. Be2 O-O 6. Bg5 h6 7. Be3 c5 8. dxc5
Qa5 9. Bd2 Qxc5 10. Nf3 Bg4 11. O-O Nc6 12. Be3 Qa5 13. Qd2 Rfc8 14. b3 Bxf3
15. Bxf3 Ng4 16. Bxg4 Bxc3 17. Qc2 Bxa1 18. Bxc8 Rxc8 19. Rxa1 Ne5 20. Qe2 h5
21. h3 a6 22. Rd1 Qb4 23. Bd4 Nc6 24. Ba1 b5 25. Qb2 f6 26. a3 Qa5 27. cxb5
axb5 28. Qe2 Qxa3 29. Qxb5 Qc5 30. Qxc5 1/2-1/2

[Event "Hastings Premier 1975/76 51st"]
[Site "Hastings"]
[Date "1975.12.30"]
[Round "2"]
[White "Korchnoi, Viktor"]
[Black "Stean, Michael"]
[Result "1/2-1/2"]
[WhiteElo "2665"]
[BlackElo "2370"]
[PlyCount "138"]
[EventDate "1975.12.29"]
[EventType "tourn"]
[EventRounds "15"]
[EventCountry "ENG"]
[EventCategory "10"]
[SourceTitle "BritBase"]
[SourceQuality "2"]

1. c4 e5 2. Nc3 Nf6 3. Nf3 Nc6 4. e3 Bb4 5. Qc2 O-O 6. Nd5 Re8 7. a3 Bf8 8. Bd3
g6 9. Nxf6+ Qxf6 10. Be4 Ne7 11. b4 d6 12. Bb2 Qg7 13. Bd3 f6 14. Be2 Be6 15.
d4 Rad8 16. O-O Qh6 17. Rad1 Bg7 18. c5 Rc8 19. e4 g5 20. dxe5 dxe5 21. Bc4
Bxc4 22. Qxc4+ Kh8 23. Rd7 Qh5 24. h3 g4 25. hxg4 Qxg4 26. Rfd1 Rg8 27. Nh2 Qh5
28. Nf1 Bh6 29. R1d3 Ng6 30. Qf7 Bg7 31. Rh3 Qg4 32. Ne3 Qxe4 33. Rg3 Qb1+ 34.
Nd1 Rcf8 35. Qc4 Rd8 36. Qd3 Qxd3 37. Rgxd3 Rxd7 38. Rxd7 Rc8 39. Ne3 Nf8 40.
Re7 Ng6 41. Rd7 Nf8 42. Re7 Ng6 43. Rf7 Kg8 44. Rd7 Nf8 45. Re7 Ng6 46. Nf5 Bf8
47. Rd7 a5 48. Bc1 axb4 49. axb4 Ra8 50. Bh6 Ra1+ 51. Kh2 Rb1 52. Bxf8 Kxf8 53.
Rxh7 Rxb4 54. g3 Rb2 55. Kg2 e4 56. Rxc7 Ne5 57. Rc8+ Kf7 58. Nd6+ Kg6 59. Nxe4
f5 60. Rg8+ Kf7 61. Rg5 Ke6 62. Nd6 Ng4 63. Nxf5 Rxf2+ 64. Kh3 Rxf5 65. Kxg4
Rxg5+ 66. Kxg5 Kd5 67. g4 Kxc5 68. Kf5 b5 69. g5 b4 1/2-1/2

[Event "Hastings Premier 1975/76 51st"]
[Site "Hastings"]
[Date "1975.12.30"]
[Round "2"]
[White "Miles, Anthony J"]
[Black "Hartston, William Roland"]
[Result "1/2-1/2"]
[WhiteElo "2435"]
[BlackElo "2475"]
[PlyCount "27"]
[EventDate "1975.12.29"]
[EventType "tourn"]
[EventRounds "15"]
[EventCountry "ENG"]
[EventCategory "10"]
[SourceTitle "BritBase"]
[SourceQuality "2"]

1. c4 g6 2. Nc3 Bg7 3. g3 Nf6 4. Bg2 O-O 5. Nf3 d5 6. cxd5 Nxd5 7. O-O Nc6 8.
Qb3 Nb6 9. d3 h6 10. Be3 e5 11. Ne4 Nd4 12. Nxd4 exd4 13. Bd2 Be6 14. Qb5
1/2-1/2

[Event "Hastings Premier 1975/76 51st"]
[Site "Hastings"]
[Date "1975.12.30"]
[Round "2"]
[White "Sosonko, Gennadi"]
[Black "Taimanov, Mark"]
[Result "1/2-1/2"]
[WhiteElo "2470"]
[BlackElo "2580"]
[PlyCount "65"]
[EventDate "1975.12.29"]
[EventType "tourn"]
[EventRounds "15"]
[EventCountry "ENG"]
[EventCategory "10"]
[SourceTitle "BritBase"]
[SourceQuality "2"]

1. d4 Nf6 2. c4 e6 3. g3 c5 4. d5 exd5 5. cxd5 g6 6. Nc3 Bg7 7. Bg2 O-O 8. Nf3
d6 9. O-O Na6 10. h3 Nc7 11. e4 Nd7 12. Bf4 Ne5 13. Nxe5 dxe5 14. Be3 b6 15. f4
Ne8 16. fxe5 Bxe5 17. Bf4 f6 18. Qd2 Nd6 19. Bxe5 fxe5 20. Rxf8+ Qxf8 21. Qg5
Nf7 22. Qf6 Qd6 23. Qf2 Bd7 24. a4 Rf8 25. Qe3 a6 26. Nb1 Rc8 27. Nd2 c4 28.
Bf1 b5 29. axb5 axb5 30. Kg2 Rc7 31. Be2 Kg7 32. Ra8 Rc8 33. Ra7 1/2-1/2

[Event "Hastings Premier 1975/76 51st"]
[Site "Hastings"]
[Date "1975.12.31"]
[Round "3"]
[White "Hort, Vlastimil"]
[Black "Keene, Raymond Dennis"]
[Result "1-0"]
[WhiteElo "2600"]
[BlackElo "2505"]
[PlyCount "77"]
[EventDate "1975.12.29"]
[EventType "tourn"]
[EventRounds "15"]
[EventCountry "ENG"]
[EventCategory "10"]
[SourceTitle "BritBase"]
[SourceQuality "2"]

1. e4 e6 2. d4 d5 3. Nd2 Nf6 4. e5 Nfd7 5. f4 c5 6. Ndf3 Nc6 7. Ne2 Qb6 8. c3
cxd4 9. Nexd4 Nc5 10. Qc2 Bd7 11. Be3 Nxd4 12. Nxd4 Qc7 13. Be2 Be7 14. O-O O-O
15. Rf3 f6 16. exf6 Bxf6 17. Raf1 a6 18. Kh1 b5 19. Bg1 Rab8 20. h3 Be8 21. Bd3
Nxd3 22. Qxd3 Qc4 23. Qb1 Bd7 24. Nb3 Rbe8 25. Bd4 b4 26. Re1 bxc3 27. bxc3 Rb8
28. Qa1 Rb7 29. Qc1 Bxd4 30. Nxd4 Rb6 31. Qa3 Qc7 32. Qe7 Rf7 33. Qh4 Rf6 34.
Re5 Rb1+ 35. Kh2 Rb2 36. Rg3 Rg6 37. Rxg6 hxg6 38. Qg3 Kf7 39. f5 1-0

[Event "Hastings Premier 1975/76 51st"]
[Site "Hastings"]
[Date "1975.12.31"]
[Round "3"]
[White "Kaplan, Julio"]
[Black "Bisguier, Arthur"]
[Result "1/2-1/2"]
[WhiteElo "2445"]
[BlackElo "2445"]
[PlyCount "26"]
[EventDate "1975.12.29"]
[EventType "tourn"]
[EventRounds "15"]
[EventCountry "ENG"]
[EventCategory "10"]
[SourceTitle "BritBase"]
[SourceQuality "2"]

1. c4 e5 2. Nc3 Nf6 3. Nf3 Nc6 4. d3 Bb4 5. Bd2 O-O 6. g3 d6 7. Bg2 Nd4 8. a3
Bxc3 9. Bxc3 Nxf3+ 10. Bxf3 c6 11. O-O Bh3 12. Bg2 Bxg2 13. Kxg2 Nd7 1/2-1/2

[Event "Hastings Premier 1975/76 51st"]
[Site "Hastings"]
[Date "1975.12.31"]
[Round "3"]
[White "Sigurjonsson, Gudmundur"]
[Black "Miles, Anthony J"]
[Result "1/2-1/2"]
[WhiteElo "2475"]
[BlackElo "2435"]
[PlyCount "290"]
[EventDate "1975.12.29"]
[EventType "tourn"]
[EventRounds "15"]
[EventCountry "ENG"]
[EventCategory "10"]
[SourceTitle "BritBase"]
[SourceQuality "2"]

1. e4 c5 2. Nf3 d6 3. d4 cxd4 4. Nxd4 Nf6 5. Nc3 g6 6. Be2 Bg7 7. O-O Nc6 8.
Nb3 O-O 9. Kh1 Be6 10. f4 Qc8 11. Bf3 Bc4 12. Rf2 Rd8 13. Nd5 e6 14. Nxf6+ Bxf6
15. c3 Qc7 16. Be3 e5 17. Nd2 d5 18. exd5 Bxd5 19. Bxd5 Rxd5 20. Qf3 exf4 21.
Qxd5 fxe3 22. Rxf6 Rd8 23. Qg5 exd2 24. Rff1 Qe5 25. Qh4 Qb5 26. Qf4 Rd7 27. b3
Qd3 28. Rad1 Qxc3 29. h3 Qc2 30. Qe3 Kg7 31. b4 b5 32. a3 Rd5 33. Kh2 h5 34.
Qf4 Ne5 35. Qf6+ Kg8 36. Qe7 Qd3 37. Qxa7 Kg7 38. Rf2 Qc2 39. Rdf1 Rd7 40. Qe3
d1=Q 41. Qxe5+ f6 42. Rxd1 Qxd1 43. Qxb5 Qd6+ 44. Kh1 Rc7 45. Qe2 Rc1+ 46. Rf1
Qe5 47. Qd3 Qf4 48. Rxc1 Qxc1+ 49. Kh2 h4 50. Qd6 Qe3 51. Qc5 Qg3+ 52. Kg1 Qe1+
53. Kh2 Qg3+ 54. Kh1 g5 55. Qe7+ Kg6 56. Qe4+ f5 57. Qe6+ Kg7 58. Qxf5 Qe1+ 59.
Kh2 Qg3+ 60. Kg1 Qe1+ 61. Qf1 Qe3+ 62. Qf2 Qc1+ 63. Kh2 Qc7+ 64. Kh1 Qc1+ 65.
Qg1 Qxa3 66. Qd4+ Kf7 67. Qd6 Qc1+ 68. Kh2 Qc4 69. Qb8 g4 70. hxg4 Qxg4 71.
Qc7+ Ke8 72. b5 h3 73. Qe5+ Kd7 74. gxh3 Qc4 75. Qf5+ Kc7 76. Kg3 Qg8+ 77. Kf4
Kb6 78. h4 Qb8+ 79. Qe5 Qf8+ 80. Ke4 Qa8+ 81. Kf5 Qf3+ 82. Kg5 Qg2+ 83. Kh6
Qd2+ 84. Kg6 Qd3+ 85. Kg7 Qd7+ 86. Kh6 Qd2+ 87. Kg6 Qd3+ 88. Qf5 Qg3+ 89. Kh5
Qe3 90. Kg6 Qg3+ 91. Qg5 Qd3+ 92. Kh6 Qd4 93. Kh7 Qd7+ 94. Kh8 Qe8+ 95. Kg7
Qd7+ 96. Kg8 Qe8+ 97. Kg7 Qd7+ 98. Kf8 Qd6+ 99. Kf7 Qd7+ 100. Kf8 Qd6+ 101. Kf7
Qd7+ 102. Qe7 Qd1 103. Qe6+ Kxb5 104. Qe5+ Ka4 105. h5 Qf3+ 106. Ke6 Qc6+ 107.
Kf5 Qc8+ 108. Kg5 Qg8+ 109. Kf4 Qf7+ 110. Ke4 Qb7+ 111. Qd5 Qe7+ 112. Kd4 Qg7+
113. Kc5 Qf8+ 114. Kc4 Qf1+ 115. Kd4 Qg1+ 116. Ke5 Qg5+ 117. Kd6 Qd8+ 118. Kc5
Qf8+ 119. Kd4 Qg7+ 120. Ke3 Qg3+ 121. Qf3 Qg1+ 122. Kf4 Qc1+ 123. Kg3 Qg1+ 124.
Kh3 Qc1 125. Qe4+ Ka3 126. Qe7+ Ka4 127. Qd7+ Ka5 128. Qd5+ Ka4 129. Kg4 Qg1+
130. Kf5 Qf2+ 131. Ke5 Qg3+ 132. Kf6 Qf2+ 133. Ke7 Qe3+ 134. Kd6 Qf4+ 135. Kd7
Qg4+ 136. Kc7 Qf4+ 137. Qd6 Qc4+ 138. Qc6+ Ka5 139. h6 Qf7+ 140. Qd7 Qc4+ 141.
Kb8 Qb4+ 142. Kc8 Qc5+ 143. Qc7+ Ka6 144. h7 Qf8+ 145. Qd8 Qc5+ 1/2-1/2

[Event "Hastings Premier 1975/76 51st"]
[Site "Hastings"]
[Date "1975.12.31"]
[Round "3"]
[White "Stean, Michael"]
[Black "Sosonko, Gennadi"]
[Result "1/2-1/2"]
[WhiteElo "2370"]
[BlackElo "2470"]
[PlyCount "204"]
[EventDate "1975.12.29"]
[EventType "tourn"]
[EventRounds "15"]
[EventCountry "ENG"]
[EventCategory "10"]
[SourceTitle "BritBase"]
[SourceQuality "2"]

1. e4 c5 2. Nf3 d6 3. d4 cxd4 4. Nxd4 Nf6 5. Nc3 g6 6. g3 Nc6 7. Nde2 Bg7 8.
Bg2 O-O 9. O-O Bd7 10. h3 Rc8 11. Nd5 Nxd5 12. exd5 Ne5 13. a4 a6 14. Ra2 Be8
15. b3 a5 16. Bb2 Nd7 17. Bxg7 Kxg7 18. Re1 Nc5 19. Nd4 Bd7 20. Qd2 e5 21. dxe6
fxe6 22. Raa1 e5 23. Nb5 Bxb5 24. axb5 b6 25. Rad1 Qf6 26. Re3 Rfd8 27. Bd5 Ne6
28. c3 Rc5 29. b4 axb4 30. cxb4 Rcc8 31. Bxe6 Qxe6 32. Rd3 Rc4 33. Rxd6 Qxd6
34. Qxd6 Rxd6 35. Rxd6 Rxb4 36. Rxb6 h5 37. Kf1 Rb2 38. h4 e4 39. Rb8 Kf7 40.
b6 Kf6 41. Ke1 Kg7 42. Rb7+ Kf6 43. Rb8 Kg7 44. b7 Kh7 45. Kd1 Kg7 46. Kc1 Rb6
47. Kc2 Kh7 48. Kc3 Kg7 49. Kd4 Rb1 50. Kd5 Rd1+ 51. Ke6 Rb1 52. Ke5 Rb2 53.
Kd4 Rb1 54. Ke3 Rb3+ 55. Kf4 Rb4 56. Ke5 Rb2 57. Kxe4 Rb1 58. Kd5 Rd1+ 59. Ke5
Re1+ 60. Kd6 Rd1+ 61. Ke6 Re1+ 62. Kd7 Rd1+ 63. Ke7 Re1+ 64. Kd8 Rd1+ 65. Kc7
Rc1+ 66. Kb6 Rb1+ 67. Kc6 Rc1+ 68. Kb5 Rb1+ 69. Kc5 Rc1+ 70. Kb4 Rb1+ 71. Kc4
Rc1+ 72. Kb3 Rb1+ 73. Kc3 Rb6 74. f3 Rb1 75. Kc2 Rb6 76. Kd3 Rb3+ 77. Kd4 Rb4+
78. Ke5 Rb1 79. Kf4 Rb4+ 80. Ke5 Rb1 81. f4 Re1+ 82. Kd5 Rb1 83. Kd4 Rb2 84.
Kd3 Rb3+ 85. Kc2 Rb6 86. g4 hxg4 87. Kd2 g3 88. Ke2 Rb2+ 89. Kf1 Kh7 90. Kg1
Kg7 91. h5 gxh5 92. f5 h4 93. f6+ Kf7 94. Rh8 Rb1+ 95. Kg2 Rb2+ 96. Kh3 Rh2+
97. Kg4 g2 98. Kf5 g1=Q 99. Rh7+ Kg8 100. Rg7+ Qxg7 101. b8=Q+ Qf8 102. Qxh2
Qc8+ 1/2-1/2

[Event "Hastings Premier 1975/76 51st"]
[Site "Hastings"]
[Date "1975.12.31"]
[Round "3"]
[White "Taimanov, Mark"]
[Black "Bellin, Robert"]
[Result "1-0"]
[WhiteElo "2580"]
[BlackElo "2375"]
[PlyCount "133"]
[EventDate "1975.12.29"]
[EventType "tourn"]
[EventRounds "15"]
[EventCountry "ENG"]
[EventCategory "10"]
[SourceTitle "BritBase"]
[SourceQuality "2"]

1. d4 Nf6 2. c4 e6 3. Nc3 Bb4 4. e3 O-O 5. Nge2 d5 6. a3 Be7 7. cxd5 exd5 8. g3
c6 9. Bg2 Bd6 10. O-O a5 11. b3 Re8 12. Ra2 Na6 13. h3 Nc7 14. Nf4 Ne4 15. Nce2
Nb5 16. Qc2 Qe7 17. a4 Nc7 18. f3 Nf6 19. g4 h6 20. Ng3 c5 21. dxc5 Bxc5 22.
Kh1 Na6 23. Qc3 Nb4 24. Re2 b6 25. Rd1 Ra7 26. Qe1 Ba6 27. Nf5 Qc7 28. Rb2 Qxf4
29. exf4 Rxe1+ 30. Rxe1 Nd3 31. Rd1 Nxc1 32. Rxc1 Ba3 33. Rbc2 Bxc1 34. Rxc1
Bd3 35. Nd4 Rb7 36. Kg1 Nd7 37. Rc8+ Kh7 38. Rd8 Rc7 39. Kf2 Nc5 40. f5 Bb1 41.
Rd6 Nd3+ 42. Kg3 Nb4 43. Rxb6 Rc3 44. Rb7 Kg8 45. Nb5 Rc1 46. Nd6 d4 47. Rb8+
Kh7 48. Nxf7 g5 49. Ne5 Nd5 50. Rd8 Nf4 51. Rd7+ Kg8 52. Ng6 Nxg6 53. fxg6 Bxg6
54. Rxd4 Bf7 55. b4 axb4 56. Rxb4 Ra1 57. h4 Kg7 58. hxg5 hxg5 59. Rb5 Kg6 60.
a5 Be8 61. Rc5 Ba4 62. Kf2 Ra2+ 63. Kg1 Ra1+ 64. Bf1 Ra3 65. Be2 Ra2 66. Bd3+
Kh6 67. Rc7 1-0

[Event "Hastings Premier 1975/76 51st"]
[Site "Hastings"]
[Date "1976.01.02"]
[Round "4"]
[White "Bisguier, Arthur"]
[Black "Uhlmann, Wolfgang"]
[Result "0-1"]
[WhiteElo "2445"]
[BlackElo "2535"]
[PlyCount "58"]
[EventDate "1975.12.29"]
[EventType "tourn"]
[EventRounds "15"]
[EventCountry "ENG"]
[EventCategory "10"]
[SourceTitle "BritBase"]
[SourceQuality "2"]

1. e4 e6 2. Nf3 d5 3. Nc3 Nf6 4. e5 Nfd7 5. d4 Be7 6. Bf4 b6 7. h4 Ba6 8. Bxa6
Nxa6 9. Qe2 Nab8 10. Rh3 c5 11. Rg3 g6 12. Bg5 Nc6 13. Nb5 O-O 14. O-O-O a6 15.
Nd6 cxd4 16. Nxd4 Ndxe5 17. Nxc6 Nxc6 18. Ne4 Qc7 19. Bxe7 Nxe7 20. Nf6+ Kg7
21. Rf3 Nf5 22. Ng4 Nxh4 23. Qd2 Nxf3 24. gxf3 f6 25. Rh1 g5 26. Kb1 Qf4 27.
Qc3 Rac8 28. Qa3 Rf7 29. Qxa6 Qc4 0-1

[Event "Hastings Premier 1975/76 51st"]
[Site "Hastings"]
[Date "1976.01.02"]
[Round "4"]
[White "Keene, Raymond Dennis"]
[Black "Kaplan, Julio"]
[Result "1/2-1/2"]
[WhiteElo "2505"]
[BlackElo "2445"]
[PlyCount "31"]
[EventDate "1975.12.29"]
[EventType "tourn"]
[EventRounds "15"]
[EventCountry "ENG"]
[EventCategory "10"]
[SourceTitle "BritBase"]
[SourceQuality "2"]

1. d4 Nf6 2. Nf3 e6 3. Bg5 c5 4. e3 Qb6 5. Qc1 Nc6 6. c3 d5 7. Nbd2 h6 8. Bh4
Be7 9. Bd3 Bd7 10. O-O Rc8 11. Qb1 cxd4 12. cxd4 g5 13. Bg3 Nh5 14. Be5 Rg8 15.
Bh7 Rf8 16. Bg6 1/2-1/2

[Event "Hastings Premier 1975/76 51st"]
[Site "Hastings"]
[Date "1976.01.02"]
[Round "4"]
[White "Miles, Anthony J"]
[Black "Hort, Vlastimil"]
[Result "1/2-1/2"]
[WhiteElo "2435"]
[BlackElo "2600"]
[PlyCount "45"]
[EventDate "1975.12.29"]
[EventType "tourn"]
[EventRounds "15"]
[EventCountry "ENG"]
[EventCategory "10"]
[SourceTitle "BritBase"]
[SourceQuality "2"]

1. e4 e5 2. Nf3 Nc6 3. Bb5 a6 4. Ba4 Nf6 5. O-O Be7 6. Bxc6 dxc6 7. Nc3 Nd7 8.
d4 exd4 9. Qxd4 O-O 10. Bf4 Nc5 11. Qxd8 Bxd8 12. Rfe1 a5 13. Rad1 Ne6 14. Bg3
Re8 15. a3 Bf6 16. Bh4 Bxc3 17. bxc3 Nc5 18. Bg3 Bg4 19. Bxc7 Nxe4 20. Rb1 Nxc3
21. Rxe8+ Rxe8 22. Rxb7 a4 23. Ba5 1/2-1/2

[Event "Hastings Premier 1975/76 51st"]
[Site "Hastings"]
[Date "1976.01.02"]
[Round "4"]
[White "Sosonko, Gennadi"]
[Black "Bellin, Robert"]
[Result "1/2-1/2"]
[WhiteElo "2470"]
[BlackElo "2375"]
[PlyCount "51"]
[EventDate "1975.12.29"]
[EventType "tourn"]
[EventRounds "15"]
[EventCountry "ENG"]
[EventCategory "10"]
[SourceTitle "BritBase"]
[SourceQuality "2"]

1. d4 Nf6 2. c4 e6 3. g3 c5 4. d5 exd5 5. cxd5 d6 6. Nc3 g6 7. Bg2 Bg7 8. Nf3
O-O 9. O-O Qe7 10. Bf4 Nbd7 11. e4 Ng4 12. h3 Nge5 13. Nd2 Nd3 14. Be3 Nxb2 15.
Qc2 Qf6 16. Rfc1 Qxc3 17. Qxc3 Bxc3 18. Rxc3 Na4 19. Rb3 Rd8 20. Bf1 f6 21. Bb5
Ndb6 22. Ra3 Bd7 23. Rb1 Kf7 24. f4 Bxb5 25. Rxb5 Rd7 26. Kf2 1/2-1/2